Matching: Countries per Continent II Quiz Stats

 Plays Quiz Updated May 17, 2018

Challenge
Share
Tweet
Score 0/6 Timer 01:30
4 Plays Today
% Correct
Peru
90.2%
Andorra
84.7%
Guatemala
79.7%
Algeria
75.5%
Oman
72.2%
Nauru
70.6%

You're not logged in!

Compare scores with friends on all Sporcle quizzes.
OR
Log In

You Might Also Like...

Show Comments

Extras

Top Quizzes Today


Score Distribution

Your Account Isn't Verified!

In order to create a playlist on Sporcle, you need to verify the email address you used during registration. Go to your Sporcle Settings to finish the process.

Report this User

Report this user for behavior that violates our Community Guidelines.

Details: